Statistiques concernant Questions diverses sur Pokémon [FR]

Cliquez ici pour prendre le quiz!

Statistiques générales

  • Ce quiz a été pris 3 317 fois
  • Le résultat moyen est 6 sur 10

Statistiques - réponses

QuestionsRéponses% Correct
De combien d'oeufs est composé Nœunœuf ?six
98%
De quelle couleur sont les traits sur les ailes de Yanma ?rouge
88%
De quelle couleur est la sphère au bout de la queue de Lainergie ?bleue
84%
Combien y a-t-il de légendaires dans la cinquième génération ?13
72%
Grâce à quel objet peut-on faire évoluer un Ramoloss en Roigada ?Roche Royale
65%
Quel Pokémon possède 28 formes différentes ?Zarbi
64%
A eux trois, combien de points possèdent Regice, Regirock et Registeel sur leur tête ?21
58%
Comment s'appelle la pré-évolution de Kravarech ?Venalgue
47%
Le film n°7 s'intitule « La Destinée De ... »Deoxys
46%
Donner dans l'ordre croissant les générations ayant le moins de Pokémon à celles en ayant le plus (ex: 1 2 3 4 5 6)6 2 4 3 1 5
21%

Distribution des résultats

Percentile par nombre de réponses

% des personnes avec chaque résultat

Votre développement - résultats

Vous n’avez pas pris ce quiz